Plant biotechnology A laboratory manual
Saved in:
| Main Author: | |
|---|---|
| Format: | Book |
| Language: | Undetermined |
| Published: |
Dubuque, Iowa
WCB
1993
|
| Subjects: | |
| Tags: |
Add Tag
No Tags, Be the first to tag this record!
|
| Institutions: | Trung tâm Học liệu Trường Đại học Cần Thơ |
|---|
| LEADER | 00493nam a2200181Ia 4500 | ||
|---|---|---|---|
| 001 | CTU_48948 | ||
| 008 | 210402s9999 xx 000 0 und d | ||
| 082 | |a 630 | ||
| 082 | |b L449 | ||
| 100 | |a ROBERT J LEBOWITZ | ||
| 245 | 0 | |a Plant biotechnology | |
| 245 | 2 | |b A laboratory manual | |
| 245 | 0 | |c ROBERT J LEBOWITZ | |
| 260 | |a Dubuque, Iowa | ||
| 260 | |b WCB | ||
| 260 | |c 1993 | ||
| 650 | |a plant biotechnology - laboratory manuals | ||
| 980 | |a Trung tâm Học liệu Trường Đại học Cần Thơ | ||